| 000 | 00000nam##2200000za#4500 |
| 001 | 9.574918 |
| 003 | CaOODSP |
| 005 | 20210624184421 |
| 007 | cr ||||||||||| |
| 008 | 150406|2000||||xxc|||||o f|0| 0 eng|d |
| 022 | |a1488-5379 |
| 040 | |aCaOODSP|beng |
| 043 | |an-cn--- |
| 086 | 1 |aFs97-6/2326E-PDF |
| 110 | 1 |aCanada. |bDepartment of Fisheries and Oceans. |
| 245 | 14|aThe influence of extreme water temperatures on migrating Fraser River Sockeye Salmon (Oncorhynchus nerka) during the 1988 spawning season : |h[electronic resource]|butility of satellite-based remote-sensing of ocean colour / |cby J.S. Macdonald ... [et al.] |
| 260 | |aBurnaby - British Columbia : |bFisheries and Oceans Canada |c2000. |
| 300 | |a128p.|bgraphs, references, tables |
| 490 | 1 |aCanadian technical report of fisheries and aquatic sciences|x1488-5379|vNo. 2326 |
| 500 | |aThe catalogue number and ISSN for the print edition appear in this electronic version. |
| 546 | |a(Textes préliminaires en français.) |
| 590 | |a12-37-Supp|b2012-09-24 |
| 720 | 1 |aMacdonald, J. S. |
| 830 | #0|aCanadian technical report of fisheries and aquatic sciences,|x1488-5379|vNo. 2326|w(CaOODSP)9.504449 |
| 856 | 40|ahttp://publications.gc.ca|qPDF|s4843 KB|uhttps://publications.gc.ca/collections/collection_2012/mpo-dfo/Fs97-6-2326-eng.pdf|yNo. 2326 |